000 00556nam a2200229Ia 4500
003 OSt
005 20221006150046.0
006 a|||||r|||| 00| 0
007 ta
008 221006b |||||||| |||| 00| 0 eng d
020 _c5.00
024 _a16,980
037 _cTextual
040 _aEASL
_cEASL
_beng
041 _2eng
_aeng
100 _aWALTER Laqieur Ed.
_9655753
245 0 _aPolycentrism
260 _aNew York
_bDrangonely
_c1963
300 _a191p.
_ccm.
942 _cTEXL
_2CC
999 _c1085066
_d1085066